| 000 | 01035nam a2200289 i 4500 | ||
|---|---|---|---|
| 001 | 000016308 | ||
| 003 | DO-SdBNP | ||
| 005 | 20240712134710.0 | ||
| 007 | ta | ||
| 008 | 100303s1995 dr a r 000 0 spa d | ||
| 040 |
_aDO-SdBNP _bspa _cBNPHU _erda |
||
| 082 | 4 |
_a623.197293 _bM296f _222 |
|
| 100 | 1 |
_aMañón Arredondo, Manuel de Js. _936401 _eautor |
|
| 245 | 1 | 3 |
_aLa fortaleza de San Felipe de Puerto Plata / _cManuel Js. Mañón Arredondo. |
| 264 |
_aSanto Domingo : _bTaller, _c1995?. |
||
| 300 |
_a84 páginas : _bilustraciones; _c22 cm. |
||
| 336 |
_2rdacontent _atexto _btxt |
||
| 337 |
_2rdamedia _asin mediación _bn |
||
| 338 |
_2rdacarrier _avolumen _bnc |
||
| 490 | _aEnsayo Histórico | ||
| 500 | _aIncluye referencias bibliográficas y notas al pie de las páginas e índice | ||
| 504 | _aBibliografía : p. 78-79 | ||
| 590 | _aInventariado, 2019/BT | ||
| 650 | 4 |
_aFortificaciones costera _zRepública Dominicana _936403 |
|
| 651 | 4 |
_aPuerto Plata _z(República Dominicana) _xHistoria local _936402 |
|
| 942 |
_2ddc _cLBS1 |
||
| 999 |
_c15843 _d15843 |
||